[Event "Maastricht Limburg op-C 8th"]
[Site "Maastricht"]
[Date "2014.06.06"]
[Round "1"]
[White "De Bruin, Joost"]
[Black "Jedamczik, Kai"]
[Result "1-0"]
[WhiteElo "1724"]
[BlackElo "1492"]
[PlyCount "40"]
[EventDate "2014.06.06"]
[EventType "swiss"]
[EventRounds "7"]
[EventCountry "NED"]
[SourceTitle "EXT 2015"]
[Source "ChessBase"]
[SourceDate "2014.11.20"]
[SourceVersion "1"]
[SourceVersionDate "2014.11.20"]
[SourceQuality "1"]

1. d4 d5 2. c4 c6 3. Nc3 g6 4. e4 dxe4 5. Nxe4 Bg7 6. Be3 e5 7. dxe5 Qa5+ 8. Qd2 Qxd2+ 9. Bxd2 Bxe5 10. 0-0-0 Nf6 11. Nxf6+ Bxf6 12. Bh6 Be6 13. Nf3 b5 14. Ng5 Bxc4 15. Bxc4 bxc4 16. Rhe1+ Be7 17. Bg7 h6 18. Bxh8 Nd7 19. Nf3 0-0-0 20. Rxe7 Rxh8 1-0

[Event "Maastricht Limburg op-C 6th"]
[Site "Maastricht"]
[Date "2012.05.28"]
[Round "6"]
[White "De Bruin, Joost"]
[Black "Nissel, Andreas"]
[Result "1-0"]
[WhiteElo "1729"]
[BlackElo "1698"]
[PlyCount "105"]
[EventDate "2012.05.25"]
[EventType "swiss"]
[EventRounds "7"]
[EventCountry "NED"]
[SourceTitle "EXT 2013"]
[Source "ChessBase"]
[SourceDate "2012.11.22"]
[SourceVersion "1"]
[SourceVersionDate "2012.11.22"]
[SourceQuality "1"]

1. e4 e6 2. d4 d5 3. e5 c5 4. c3 Nc6 5. Nf3 Qb6 6. Bd3 Bd7 7. 0-0 cxd4 8. cxd4 Nxd4 9. Nxd4 Qxd4 10. Nc3 a6 11. Qe2 Ne7 12. Kh1 g6 13. f4 Qb6 14. Be3 Qd8 15. Rad1 Bc6 16. f5 gxf5 17. Bg5 Qd7 18. Qh5 h6 19. Ne4 dxe4 20. Bxe4 Nd5 21. Bxf5 Be7 22. Bxe7 Qxe7 23. Bg6 fxg6 24. Qxg6+ Kd8 25. Rf7 Qe8 26. Qg7 Kc8 27. Rdf1 Qd8 28. Qxh8 Qxh8 29. Rf8+ Qxf8 30. Rxf8+ Kd7 31. Rxa8 Ne3 32. Kg1 Bxg2 33. Kf2 Bd5 34. Kxe3 Bxa2 35. Rh8 Bb1 36. Rxh6 Bf5 37. Kd4 b6 38. Rh8 a5 39. Kc4 Kc6 40. Rc8+ Kb7 41. Rd8 Bh3 42. Kc3 Kc6 43. Rd3 Bf5 44. Rd6+ Kc5 45. h4 b5 46. b3 Bg4 47. Rd2 Bf5 48. h5 b4+ 49. Kb2 Kc6 50. h6 Bh7 51. Rd6+ Kc5 52. Rxe6 Kd5 53. Re7 1-0

[Event "Maastricht Limburg op-C 6th"]
[Site "Maastricht"]
[Date "2012.05.28"]
[Round "7"]
[White "Overtoom, Reinier"]
[Black "De Bruin, Joost"]
[Result "1-0"]
[WhiteElo "1705"]
[BlackElo "1729"]
[PlyCount "103"]
[EventDate "2012.05.25"]
[EventType "swiss"]
[EventRounds "7"]
[EventCountry "NED"]
[SourceTitle "EXT 2013"]
[Source "ChessBase"]
[SourceDate "2012.11.22"]
[SourceVersion "1"]
[SourceVersionDate "2012.11.22"]
[SourceQuality "1"]

1. c4 Nf6 2. g3 g6 3. Bg2 Bg7 4. Nc3 0-0 5. d4 c5 6. d5 d6 7. e4 a6 8. h3 b5 9. cxb5 axb5 10. Nxb5 Ba6 11. Nc3 Nbd7 12. f4 Qb6 13. Nge2 Ne8 14. 0-0 Nc7 15. Kh2 Nb5 16. Nxb5 Bxb5 17. Rf3 Ra7 18. Nc3 Ba6 19. Qc2 Rb8 20. Na4 Qc7 21. Rb3 Rxb3 22. axb3 Qb8 23. Bd2 Bb5 24. Bf1 Bxf1 25. Rxf1 Rb7 26. Rf3 Nb6 27. Nxb6 Rxb6 28. Kg2 Qb7 29. Bc3 Rxb3 30. Bxg7 Rxf3 31. Bc3 Rxc3 32. Qxc3 Qb5 33. Kf2 f6 34. g4 h6 35. b3 Kf7 36. h4 Qd7 37. Kg3 Qb5 38. Kf2 Qa6 39. g5 hxg5 40. fxg5 Qa2+ 41. Kg3 Qe2 42. Qf3 Qxf3+ 43. Kxf3 fxg5 44. hxg5 Ke8 45. e5 dxe5 46. Ke4 Kd7 47. Kxe5 Kd8 48. Ke6 Ke8 49. d6 exd6 50. Kxd6 Kf7 51. Kxc5 Ke6 52. b4 1-0

[Event "Maastricht Limburg op-C 6th"]
[Site "Maastricht"]
[Date "2012.05.25"]
[Round "1"]
[White "Krug, Franz Dieter"]
[Black "De Bruin, Joost"]
[Result "1-0"]
[WhiteElo "1540"]
[BlackElo "1729"]
[PlyCount "51"]
[EventDate "2012.05.25"]
[EventType "swiss"]
[EventRounds "7"]
[EventCountry "NED"]
[SourceTitle "EXT 2013"]
[Source "ChessBase"]
[SourceDate "2012.11.22"]
[SourceVersion "1"]
[SourceVersionDate "2012.11.22"]
[SourceQuality "1"]

1. d4 Nf6 2. c4 c5 3. e3 g6 4. Nf3 Bg7 5. Be2 0-0 6. 0-0 cxd4 7. exd4 d5 8. Be3 dxc4 9. Bxc4 b6 10. Nc3 Bb7 11. h3 Na6 12. Qe2 Nc7 13. Rad1 Rc8 14. a4 Ncd5 15. Nxd5 Nxd5 16. Ba6 Bxa6 17. Qxa6 Nxe3 18. fxe3 Bh6 19. Qe2 Qd7 20. b3 Qe6 21. Rd3 Rc7 22. Ne5 Bg7 23. Nc4 Rd8 24. Qf3 Rb8 25. d5 Qf6 26. Qg3 1-0

[Event "Maastricht Limburg op-B 5th"]
[Site "Maastricht"]
[Date "2011.06.13"]
[Round "6"]
[White "Gerritsen, Diederik"]
[Black "De Bruin, Joost"]
[Result "1-0"]
[WhiteElo "1840"]
[BlackElo "1778"]
[PlyCount "75"]
[EventDate "2011.06.10"]
[EventType "swiss"]
[EventRounds "7"]
[EventCountry "NED"]
[SourceTitle "EXT 2012"]
[Source "ChessBase"]
[SourceDate "2011.11.24"]
[SourceVersion "1"]
[SourceVersionDate "2011.11.24"]
[SourceQuality "1"]

1. e4 e6 2. d4 d5 3. Nd2 Nf6 4. e5 Nfd7 5. Bd3 c5 6. c3 Nc6 7. Ne2 Qb6 8. Nf3 cxd4 9. cxd4 Bb4+ 10. Bd2 Bxd2+ 11. Qxd2 Qb4 12. 0-0 Qxd2 13. Nxd2 0-0 14. Rac1 f6 15. f4 a6 16. a3 Nb6 17. b4 Bd7 18. Nb3 Na4 19. Rc2 fxe5 20. dxe5 b5 21. Rfc1 Rac8 22. g3 Nb8 23. Nc5 Nxc5 24. Rxc5 Rxc5 25. Rxc5 Rc8 26. Rxc8+ Bxc8 27. Nd4 g6 28. g4 Kf7 29. Kf2 Bd7 30. Ke3 Ke7 31. h4 Nc6 32. Nxc6+ Bxc6 33. f5 gxf5 34. gxf5 exf5 35. Bxf5 h6 36. Bc8 Bd7 37. Bxd7 Kxd7 38. Kd4 1-0

[Event "Maastricht Limburg op-B 5th"]
[Site "Maastricht"]
[Date "2011.06.12"]
[Round "5"]
[White "De Bruin, Joost"]
[Black "Frijns, Raoul"]
[Result "1/2-1/2"]
[WhiteElo "1778"]
[BlackElo "1809"]
[PlyCount "45"]
[EventDate "2011.06.10"]
[EventType "swiss"]
[EventRounds "7"]
[EventCountry "NED"]
[SourceTitle "EXT 2012"]
[Source "ChessBase"]
[SourceDate "2011.11.24"]
[SourceVersion "1"]
[SourceVersionDate "2011.11.24"]
[SourceQuality "1"]

1. e4 c5 2. Nc3 Nc6 3. f4 d6 4. Nf3 Nf6 5. Bc4 g6 6. 0-0 Bg7 7. d3 e6 8. Qe1 a6 9. a4 0-0 10. f5 exf5 11. Qh4 Nh5 12. Bg5 Bf6 13. exf5 Kg7 14. g4 h6 15. Bxf6+ Nxf6 16. g5 hxg5 17. Qxg5 Nh7 18. Qxd8 Rxd8 19. fxg6 fxg6 20. Nd5 Bg4 21. c3 Rf8 22. Nd2 Ne5 23. d4 1/2-1/2

[Event "Maastricht Limburg op-B 5th"]
[Site "Maastricht"]
[Date "2011.06.12"]
[Round "4"]
[White "Jansen, Michiel"]
[Black "De Bruin, Joost"]
[Result "1-0"]
[WhiteElo "1849"]
[BlackElo "1778"]
[PlyCount "93"]
[EventDate "2011.06.10"]
[EventType "swiss"]
[EventRounds "7"]
[EventCountry "NED"]
[SourceTitle "EXT 2012"]
[Source "ChessBase"]
[SourceDate "2011.11.24"]
[SourceVersion "1"]
[SourceVersionDate "2011.11.24"]
[SourceQuality "1"]

1. e4 e6 2. d4 d5 3. Nd2 Nf6 4. e5 Nfd7 5. Bd3 c5 6. c3 Nc6 7. Ngf3 Qb6 8. 0-0 Be7 9. dxc5 Nxc5 10. Bc2 0-0 11. Nb3 Nd7 12. Re1 f6 13. exf6 Nxf6 14. Ng5 e5 15. Bxh7+ Nxh7 16. Qxd5+ Kh8 17. Nf7+ Rxf7 18. Qxf7 Bd7 19. Be3 Qc7 20. Nc5 Rf8 21. Qh5 Bc8 22. Rad1 Kg8 23. Ne4 Nf6 24. Nxf6+ Bxf6 25. Rd2 Rd8 26. Rxd8+ Qxd8 27. Rd1 Qe7 28. g4 Qf7 29. Qxf7+ Kxf7 30. g5 Be7 31. h4 Ke6 32. Kg2 Kf5 33. Kg3 Be6 34. b4 a6 35. Bb6 e4 36. a3 Ne5 37. Bd8 Bxd8 38. Rxd8 Nc4 39. Rf8+ Ke5 40. h5 Bf5 41. Rf7 e3 42. fxe3 Nxe3 43. Rxb7 Nf1+ 44. Kf2 Nh2 45. Rxg7 Kf4 46. h6 Ng4+ 47. Ke2 1-0

[Event "Maastricht Limburg op-C 4th"]
[Site "Maastricht"]
[Date "2010.05.24"]
[Round "7"]
[White "Geene, Patrick"]
[Black "De Bruin, Joost"]
[Result "0-1"]
[WhiteElo "1548"]
[BlackElo "1314"]
[PlyCount "126"]
[EventDate "2010.05.21"]
[EventType "swiss"]
[EventRounds "7"]
[EventCountry "NED"]
[SourceTitle "EXT 2011"]
[Source "ChessBase"]
[SourceDate "2010.11.26"]
[SourceVersion "1"]
[SourceVersionDate "2010.11.26"]
[SourceQuality "1"]

1. e4 e6 2. d4 d5 3. exd5 exd5 4. Nc3 Nf6 5. Qe2+ Be6 6. g3 Nc6 7. Nf3 Qd7 8. Bg2 Be7 9. Bd2 Bh3 10. Bxh3 Qxh3 11. 0-0-0 0-0 12. Qb5 Nd8 13. Rde1 c6 14. Qf1 Qd7 15. h4 Ne6 16. Qd3 a5 17. Ng5 Bb4 18. Nxe6 fxe6 19. f3 b5 20. Ne2 Bxd2+ 21. Kxd2 c5 22. Nf4 c4 23. Qf1 Rfe8 24. Qh3 Ra6 25. c3 b4 26. g4 Qd6 27. Qh2 bxc3+ 28. bxc3 Qa3 29. g5 Rb6 30. Ke3 Qxc3+ 31. Kf2 Qxd4+ 32. Kg3 Nd7 33. Qh3 Nf8 34. h5 e5 35. Ne2 Qc5 36. Qf5 Qc8 37. Qc2 Qb8 38. g6 e4+ 39. f4 h6 40. Qd2 Rb5 41. Nc3 Rc5 42. Na4 Rb5 43. Nc3 Rc5 44. Na4 e3 45. Rxe3 Rxe3+ 46. Qxe3 Rc6 47. Nc3 Qd8 48. Rd1 Re6 49. Qf3 d4 50. Ne4 d3 51. Nc3 Qd4 52. Nd5 Nd7 53. f5 Re8 54. Rd2 Nf6 55. Nxf6+ gxf6 56. Kg2 Qe4 57. Kg3 Qxf3+ 58. Kxf3 Rc8 59. Ke3 c3 60. Rd1 d2 61. Rf1 Re8+ 62. Kd3 Re1 63. Kxc3 d1Q 0-1